Geography Sixteen - Statistics

General Stats
  • This quiz has been taken 75 times
    52 since last reset
  • The average score is 15 of 26
Answer Stats
Hint Answer % Correct
14) Which country shares a border with Haiti? Dominican Republic
85%
8b) " " St. Lucia
85%
16) Which country is bordered by India and Myanmar? Bangladesh
83%
13) Beirut is the capital city of which country? Lebanon
83%
19) The nearest country to Singapore is? Malaysia
83%
20) The capital of Bosnia and Herzegovina is? Sarajevo
83%
8a) Name the 3 caribbean island nations that begin with Saint / St.? St. Kitts and Nevis
83%
12a) Name the first three 'landlocked countries' that are largest in area? Kazakhstan
81%
1) Which country is pictured in the above satellite photograph? Egypt
79%
8c) " " St. Vincent and the Grenadines
77%
10) In which country is the 'Potomac River'? United States of America
73%
12b) " " Mongolia
69%
6) Which West Indies Island nation is nearest to South America? Trinidad & Tobago
67%
12c) " " Chad
63%
7) What is the highest point in the Uk at 1345 m (4,413ft)? Ben Nevis
58%
17a) The Earth's outer core is made up mainly of a liquid alloy of 2 metals - what are they? Iron
58%
15) Which major city is divided into two parts by the Huangpu river? Shanghai
52%
3) The coast of Benin lies on what gulf? Gulf of Guinea
50%
4) 'Nelson' island is part of which US State? Alaska
42%
11) Which African country's name is an anagram of "USAF Chariot" South Africa
40%
2b) " " Zurich
40%
18) The longest river in South Africa at 1,365 miles (2,184 km) is? Orange River
38%
9) Which country's flag has a golden 'Frigate Bird' flying at top / centre? Kiribati
33%
17b) " " Nickel
23%
2a) There are only two European countries whose 'most populated city' is not the capital, name the 2 cities? Antwerp
10%
5) The most common 'surname' in Russia is? Smirnov
6%
No matching quizzes found
Score Distribution
Percent of People with Each Score
Percentile by Number Answered
Your Score History
You have not taken this quiz since the last reset